| 000 | 00623cam a22001337a 4500 | ||
|---|---|---|---|
| 008 | 180718b-- xxu||||| |||| 00| 0 eng d | ||
| 082 | _aT2065x54 In2 | ||
| 245 |
_aHandbook of industrial policy and statistics _cby Office of the Economic Adviser, Ministry of Commerce and Industry |
||
| 246 | _aTitle is also published as Handbook of industrial statistics | ||
| 260 |
_aNew Delhi _bThe Controller of Publication _c-- |
||
| 500 | _aLibrary has 1973, 1987-1989, 1991-1992, 1995, 1997, 2000 | ||
| 650 | _aIndustry and state - Statistics - India | ||
| 700 | _aIndia. Ministry of Commerce and Industry. Office of the Economic Advisor | ||
| 999 |
_c481129 _d481129 |
||